La teoría del lenguaje de Carlos Bühler (Record no. 174694)

MARC details
000 -LEADER
campo de control de longitud fija 01061nam a2200277 4500
001 - NÚMERO DE CONTROL
campo de control 174694
003 - IDENTIFICADOR DE NÚMERO DE CONTROL
campo de control ES-MaACL
005 - FECHA Y HORA DE LA ÚLTIMA TRANSACCIÓN
campo de control 20230906215624.0
008 - DATOS DE LONGITUD FIJA--INFORMACIÓN GENERAL
campo de control de longitud fija 100519s1941 sp |||| | spa d
080 ## - NÚMERO DE LA CLASIFICACIÓN DECIMAL UNIVERSAL
Número de la Clasificación Decimal Universal 81:1
080 ## - NÚMERO DE LA CLASIFICACIÓN DECIMAL UNIVERSAL
Número de la Clasificación Decimal Universal 801 Bühler, Karl
100 1# - ENTRADA PRINCIPAL--NOMBRE DE PERSONA
Nombre de persona Ceñal, Ramón.
9 (RLIN) 37424
245 13 - MENCIÓN DEL TÍTULO
Título La teoría del lenguaje de Carlos Bühler
Resto del título : introducción a la moderna filosofía del lenguaje /
Mención de responsabilidad, etc. Ramón Ceñal Lorente.
260 ## - PUBLICACIÓN, DISTRIBUCIÓN, ETC.
Lugar de publicación, distribución, etc. Madrid :
Nombre del editor, distribuidor, etc. CSIC,
Fecha de publicación, distribución, etc. 1941 (
Fabricante Bolaños y Aguilar)
300 ## - DESCRIPCIÓN FÍSICA
Extensión XX, 302 p. ;
Dimensiones 23 cm.
490 1# - MENCIÓN DE SERIE
Mención de serie Serie B ;
Designación de volumen o secuencia 1
500 ## - NOTA GENERAL
Nota general Índice onomástico.
504 ## - NOTA DE BIBLIOGRAFÍA, ETC.
Nota de bibliografía, etc. Bibliografía: p. IX-XX.
594 ## - Nota al título y mención de responsabilidad
Nota al título y mención de responsabilidad Precede al tít.: Consejo Superior de Investigaciones Científicas. Instituto Filosófico "Luis Vives"
600 17 - PUNTO DE ACCESO ADICIONAL DE MATERIA--NOMBRE DE PERSONA
Nombre de persona Bühler, Karl-
Subdivisión general Crítica e interpretación.
9 (RLIN) 142891
650 #7 - PUNTO DE ACCESO ADICIONAL DE MATERIA--TÉRMINO DE MATERIA
Término de materia o nombre geográfico como elemento de entrada Lenguaje-
Subdivisión general Filosofía.
9 (RLIN) 14344
710 2# - ENTRADA AGREGADA--NOMBRE DE ENTIDAD CORPORATIVA
Nombre de entidad corporativa o nombre de jurisdicción como elemento de entrada Instituto de Filosofía "Luis Vives"
9 (RLIN) 169712
830 0# - PUNTO DE ACCESO ADICIONAL DE SERIE-TÍTULO UNIFORME
Título uniforme Serie B ;
Designación de volumen o secuencia 1
9 (RLIN) 184453
852 ## - LOCALIZACIÓN
Ubicación ES-MaACL
Número de control de estantería C-57220
Nota libre . - Dedicatoria autógrafa del autor
Holdings
Estatus retirado Estado de pérdida Estado de daño No para préstamo Biblioteca de origen Biblioteca actual Ubicación en estantería Fecha de adquisición Fuente de adquisición Total de préstamos Signatura topográfica completa Código de barras Visto por última vez Precio de reemplazo Tipo de ítem Koha
        Biblioteca del Ateneo de Madrid Biblioteca del Ateneo de Madrid Depósito 2 19/05/2010     C-57220 1183400 23/02/2023 23/02/2023 Libro impreso